000 01022nam0a22002411 4500
001 rc\54079
005 20260406174232.0
035 _a(NLR Aleph) 005331837
090 _a6599965
_c6599965
100 _a20021216d1993 |||y0rusy50 ca
101 0 _arus
102 _aRU
105 _ay |||||||||
200 1 _aОпределение групп крови системы АВО в сложнодиагностируемых случаях с использованием различных реактивов
_eМетод. пособие
_fНИИ гематологии и переливания крови
_g[Разраб. Минеевой Н.В. и др.]
210 _aСПб.
_cБ. и.
_d1993
215 _a19 с.
_d20
702 1 _aМинеева
_bН.В.
_4570
712 0 2 _aНИИ гематологии и переливания крови
_cСанкт-Петербург
_3RU\NLR\AUTH\889942206
_9379269
801 0 _aRU
_bNLR
_gpsbo
801 1 _aRU
_bELAR
_2rusmarc
852 _aNLR
_j93-4/6613
942 _cBOOK
980 _aNB